| 000 | 01327nam2a22002291 4500 | ||
|---|---|---|---|
| 001 | rc\858564 | ||
| 005 | 20250622102800.0 | ||
| 035 | _a(NLR Aleph) 006239312 | ||
| 090 |
_a6651918 _c6651918 |
||
| 100 | _a20041129d1983 |||y0rusy50 ca | ||
| 101 | 0 | _arus | |
| 102 | _aRU | ||
| 105 | _ay ||||||||| | ||
| 200 | 1 | _aСоставление тематико-типологического плана комплектования | |
| 210 |
_d1983 _aБ. м. |
||
| 215 | _a[2], 17 с. | ||
| 461 | 0 |
_1001rc\858563 _12001#$aПроблемы комплектования, использования и сохранности книжных фондов ЦБС Туркменской ССР$e(Метод. рекомендация)$fГос. б-ка ТССР им. К. Маркса, Науч.-метод. отд.$g[Сост.: Авагимянц И., Тумакова И.]$vВып. 1 _96651912 _cАшхабад _d1983 _fГос. б-ка ТССР им. К. Маркса, Науч.-метод. отд. _nБ. и. _o(Метод. рекомендация) _tПроблемы комплектования, использования и сохранности книжных фондов ЦБС Туркменской ССР _vВып. 1 |
|
| 801 | 0 |
_aRU _bNLR _gpsbo |
|
| 801 | 1 |
_aRU _bELAR _2rusmarc |
|
| 852 |
_aNLR _bБ _j7215/А-18 |
||
| 942 | _cBOOK | ||
| 980 | _aNB | ||